000 00272pam a2200109a 44500
008 230405s2017 xxu||||| |||| 00| 0 eng d
041 _aENG
100 _aS.B GOKHALE
245 _aREMEDIAL BIOLOGY (S.B GOKHALE)
260 _a
_bNIRALI PRAKASHAN PUNE
_c2017
906 _a5373
999 _c280644
_d280644